[Event "Pamplona 9899 9th"]
[Site "Pamplona"]
[Date "1998.12.28"]
[Round "2"]
[White "Sutovsky, Emil"]
[Black "Illescas Cordoba, Miguel"]
[Result "1/2-1/2"]
[WhiteElo "2575"]
[BlackElo "2605"]
[Annotator "Illescas Cordoba,M"]
[PlyCount "85"]
[EventDate "1998.12.27"]
[EventType "tourn"]
[EventRounds "9"]
[EventCountry "ESP"]
[EventCategory "13"]
[SourceTitle "CBM 069"]
[Source "ChessBase"]
[SourceDate "1999.04.01"]
[SourceVersion "1"]
[SourceVersionDate "1999.04.01"]
[SourceQuality "1"]

1. e4 {Tsesarsky} e5 2. Nf3 Nc6 3. Nc3 Nf6 4. Bb5 Nd4 5. O-O Nxb5 6. Nxb5 c6 7.
Nc3 d6 8. d4 Qc7 9. Bg5 (9. Be3 {Tsesarsky} Be7 10. dxe5 dxe5 11. Qd3 O-O $11 {
0-1 Techno Chess-Kallisto/15th WMCCC, Paris FRA 1997 (75)}) (9. a4 {Tsesarsky}
Be7 10. h3 O-O (10... a5 $11 {1-0 Shabanov,Y-Kirusha,A/White Nights Open, St
Petersburg RUS 1998 (42)}) 11. b3 (11. Re1 Re8 12. Be3 Bf8 13. a5 g6 14. Qd2
$11 {1-0 Shabanov,Y-Igudesman,K/Czech Open, Pardubice CZE 1998 (33)}) 11... Re8
12. Re1 b6 $11 {1/2-1/2 Timman,J-Benko,P/Venice 1974 (22)}) (9. Qe2 {Tsesarsky}
Be7 10. Be3 O-O 11. h3 b5 $11 {1/2-1/2 Cortlever,N-Kramer,G/Beverwijk 1946 (21)
}) (9. Ne1 {Tsesarsky} Be7 10. Kh1 b5 11. a3 Bb7 $11 {1/2-1/2 Euwe,
M-Bogoljubov,E/NED 1928 (21)}) (9. Qd3 {Tsesarsky} Be7 10. Ne2 O-O 11. c3 Bg4
$11 {1-0 Preiswerk,W-Vordank,K/Berlin CL 1920 (21)}) (9. h3 {Tsesarsky} Be7 10.
Be3 (10. Re1 O-O 11. Bg5 b5 $11 (11... Ne8 12. Be3 Be6 13. a4 b6 14. Qd3 f5 15.
dxe5 dxe5 $11)) (10. Qd3 O-O 11. Ne2 d5 12. Nxe5 Nxe4 $11 {1-0 Pavlov Pianov,
N-Tselikov,N/Moscow URS ch(1) 1920 (45)}) 10... h6 11. a4 a5 $11 (11... g5 12.
Nh2 Rg8 13. Ng4 $14 {1-0 Landtman,M-Okkes,M/NED tt 1995 (45)})) 9... Be7 10. h3
{[%csl Gc8,Gd4,Ge4,Ge7]} (10. Qd3 {Tsesarsky} O-O 11. Rfd1 (11. Rad1 Bg4 12.
Rd2 Rad8 $11 {1-0 Marchand,M-Cole,H/Hastings 1919 (52)}) 11... Rd8 12. Bxf6
Bxf6 13. d5 c5 $11 {1-0 Bondarevsky,I-Zagoriansky,E/Moscow-ch ,HCL 1945 (55)})
10... h6 $1 {'=' Tsesarsky.} (10... O-O {Tsesarsky} 11. Qd2 $11 {Sutovsky
plays this variation very often, but without any special achivements in
opening stage. Maybe it is not so easy to receive any advantage in Spanish or
Scottish openings too.} Be6 (11... Re8 12. Rad1 Nd7 13. Rfe1 a6 14. Bxe7 Rxe7
15. Re3 Nf8 16. dxe5 dxe5 17. Rd3 Be6 18. Rd6 f6 19. b3 Rae8 20. g4 Ng6 $11 {
0-1 Tan-Foulon/Moscow olw 1994 (46)}) (11... b5 $5 12. a3 a6 13. Rfd1 (13. d5
Bb7 (13... c5 14. Rfe1 $14) 14. dxc6 Bxc6 15. Rfe1 Rac8 $11) 13... Re8 14. Qe3
(14. d5 Bb7 $11) 14... exd4 (14... h6 15. dxe5 dxe5 16. Bxf6 Bxf6 17. Qc5 Be6
18. Nd5 Bxd5 19. exd5 e4 $132) 15. Nxd4 c5 $1 $132 {1/2-1/2 Sutovsky,E-Zhang
Zhong/Elista RUS 1998 (38)}) 12. a4 Rfd8 $6 $14 (12... a5 $1 $11) 13. a5 $5 h6
14. Bxf6 Bxf6 15. d5 Bd7 16. a6 $1 $14 {1/2-1/2 Sutovskij,E-Nunn,J/Oxford 1998/
CBM 69_07/ (46)}) (10... Bd7 {Tsesarsky} 11. a4 h6 12. Be3 O-O 13. Qd3 Rad8 14.
a5 c5 15. d5 Nh5 16. Qc4 Qc8 17. Qe2 Nf4 18. Bxf4 exf4 19. e5 Bf5 20. Rfe1 dxe5
21. Nxe5 Bf6 22. Qd2 Rfe8 23. Qxf4 Bxc2 $15 {1-0 Sutovsky,E-Mikhalevski,V/Tel
Aviv ISR 1999 (38)}) 11. Bh4 Nh5 $1 $146 (11... g5 $6 {[%csl Re8] Sutovskij,
E-Piket,J/Elista 1998}) (11... g5 {Tsesarsky} 12. dxe5 gxh4 13. exf6 Bxf6 14.
Re1 Rg8 (14... Be6 $132) 15. Kh1 Be6 $1 (15... Rg6 16. e5 $1 $16 {0-1 Sutovsky,
E-Piket,J/Elista RUS 1998 (52)})) 12. Bxe7 Qxe7 {[%cal Yh5f4,Ye7f6,Yf6g6]} 13.
Nxe5 $1 dxe5 14. Qxh5 exd4 15. Ne2 O-O (15... Qxe4 $6) 16. Nxd4 (16. Ng3 Qb4 $5
) 16... Qxe4 17. Rad1 Re8 $11 (17... Qf4 {Tsesarsky} 18. Rfe1 (18. c3 Re8 19.
Rfe1 Bd7 $11) 18... Bd7 19. Re7 Rad8 20. Ne2 Qf5 21. Ng3 Qxh5 22. Nxh5 Bc8 23.
Rxd8 Rxd8 $11) 18. Rfe1 $5 Qxe1+ 19. Rxe1 Rxe1+ 20. Kh2 Bd7 (20... Be6 $11 {
Tsesarsky}) 21. Qc5 (21. Qa5 {Tsesarsky} Rd1 22. c3 Rd2 23. Qb4 b6 24. Qe7 c5
25. Qxd7 cxd4 26. cxd4 Rxb2 27. f4 a5 $132) 21... Rd1 $1 (21... Ree8 22. b4 Be6
23. a4 $14 {[%csl Gd4]}) 22. c3 b6 (22... Rd2 $5 23. Qe7 c5 24. Nb3 (24. Qxd7
cxd4 25. Qxb7 Re8 $15) 24... Re8 25. Qxe8+ Bxe8 26. Nxd2 $11) 23. Qe7 c5 24.
Qxd7 cxd4 25. cxd4 Rd2 26. b4 Rxf2 (26... Rxa2 $4 27. Qd5) 27. a4 (27. Qb7 $6
Rd8 (27... Re8 28. Qxa7 Ree2 29. Qa8+ Kh7 30. a4) 28. Qxa7 Rxd4 29. Qxb6 Rdd2
30. Qb8+ Kh7 31. Qb7 Rxa2 $17) 27... Rb2 (27... Re2 $44 {Tsesarsky}) 28. b5 Rb4
29. Qb7 (29. d5 Rxa4 $15) 29... Rd8 30. Qxa7 Rdxd4 31. Qxb6 Rxa4 $11 32. Qb8+ (
32. Qc6 Rab4 33. Qc8+ $11) 32... Kh7 33. b6 (33. Qc7 $142 Rab4 34. Qc5 $11)
33... Rab4 (33... Ra5 $1 34. Qc7 Rb4 35. Qxf7 Rxb6 $15) 34. Qe5 $1 $11 Rdc4 (
34... Rd2 35. Qf5+ Kg8 36. Qc8+ $11) 35. Qd5 Rf4 (35... Rc3 36. Qa5 Rcb3 37.
Qf5+ Kg8 38. Qc8+ $11) 36. Qd2 (36. b7 Rb2 37. Qd3+ f5 38. Qd7 $11) 36... g5
37. Qc2+ Kg7 38. Qc3+ $8 (38. Qc7 $2 Rb3 39. b7 Rfb4 40. Qe5+ Kg6 41. Qd6+ Kh7
$17) 38... Kh7 (38... Kg6 39. b7 Rb6 40. Qc2+ Kg7 41. Qc3+ Kg6 $11) 39. Qc7 Rf6
40. b7 Rfb6 41. Qxf7+ Kh8 42. Qf8+ Kh7 43. Qf7+ 1/2-1/2

[Event "Olympiad-33"]
[Site "Elista"]
[Date "1998.10.03"]
[Round "5.2"]
[White "Movsesian, Sergei"]
[Black "Illescas Cordoba, Miguel"]
[Result "0-1"]
[WhiteElo "2640"]
[BlackElo "2605"]
[Annotator "Illescas Cordoba,M"]
[PlyCount "88"]
[EventDate "1998.09.29"]
[EventType "team-swiss"]
[EventRounds "13"]
[EventCountry "RUS"]
[SourceTitle "CBM 068"]
[Source "ChessBase"]
[SourceDate "1999.02.01"]
[SourceVersion "1"]
[SourceVersionDate "1999.02.01"]
[SourceQuality "1"]
[WhiteTeam "Czech Republic"]
[BlackTeam "Spain"]
[WhiteTeamCountry "CZE"]
[BlackTeamCountry "ESP"]

{[%mdl 4]} 1. e4 e5 2. Nf3 Nc6 3. Bb5 Nf6 4. Nc3 Nd4 5. Ba4 Bc5 6. Nxe5 O-O 7.
Nd3 Bb6 8. e5 Ne8 9. Nd5 d6 10. Ne3 dxe5 11. Nxe5 Qg5 12. N5c4 f5 {[%csl Re1,
Rg2][%cal Rf5f4]} 13. f4 Qxf4 14. c3 Qh4+ $1 $146 {[%mdl 8] Shirov} 15. g3 (15.
Kf1 $2 f4 $19) 15... Qh3 $1 {[%mdl 512]} 16. cxd4 f4 17. Rf1 $6 (17. gxf4 $13)
17... fxe3 18. Rxf8+ Kxf8 19. Qf3+ Nf6 20. dxe3 Qxh2 21. Qf2 Qh1+ (21... Qxf2+
22. Kxf2 Be6 23. Nxb6 axb6 24. Bc2 Bd5 25. Bd2 Re8 26. a4 Re6 27. a5 b5 28. Rf1
Ke8 29. Kg1 b4 30. Bxb4 Rxe3 31. Re1 Rxe1+ 32. Bxe1 Kd7 33. Kf2 Ke6 34. Ke3 g5
35. Bd3 c6 36. b4 h6 37. b5 cxb5 38. Bxb5 Kf5 39. a6 bxa6 40. Bxa6 Ng4+ {
1/2-1/2 Gallagher,J-Degraeve,J/Pula 1997/EXP 57 (40)}) 22. Qf1 Qh2 23. Qf2 Qh5
$1 $40 {[%csl Re1]} 24. Bb3 {[%csl Yf8][%cal Yc1d2,Yd2b4]} (24. Bd2 Bf5 $40 (
24... Be6 25. Nxb6 (25. Ne5 c5) 25... axb6 26. Bc2 Kg8 27. e4 $132)) 24... Be6
(24... Bf5 $5 25. Bd2 Ne4 26. Qg2 Re8 $40) 25. Nxb6 (25. Bd2 Re8 $17) 25...
Bxb3 (25... Qa5+ $2 26. Bd2 Qxb6 27. d5 $13) 26. axb3 cxb6 {[%csl Rc1,Yd5,Ye4,
Gf6,Yg4,Gh5]} 27. Qg2 {[%csl Gg2][%cal Gf3b7,Gg2b7]} (27. Bd2 Kg8 $17) 27...
Qf7 $1 {[%csl Rb3,Yb7]} (27... Qg4 28. Qxb7 Qxg3+ 29. Kf1 $132 {[%cal Ya1a7]})
28. g4 h6 29. Bd2 Kg8 30. Ke2 (30. Ra3 a6 31. g5 hxg5 32. Qxg5 Ne4 33. Qg2 Re8
$17) 30... Re8 $5 (30... a6 $17) 31. g5 $2 (31. Rxa7 Ne4 $44 {[%csl Rb3,Re2,
Ge4] ->}) 31... hxg5 32. Rh1 $2 (32. Rxa7 Ne4 $17) 32... g4 $19 33. Qh2 (33.
Rh4 Qxb3 34. Qxb7 Qxb2 35. Qxa7 $140 Ne4) 33... Qxb3 34. Qh8+ Kf7 35. Qh4 Qb5+
36. Ke1 Qxb2 37. Rf1 Qb1+ 38. Ke2 Qb5+ 39. Ke1 Re6 40. Qh1 Qb1+ 41. Ke2 Qb5+
42. Ke1 Re7 43. d5 Qd3 44. Qh5+ Qg6 0-1

[Event "USA-ch GpB"]
[Site "San Diego"]
[Date "2006.03.10"]
[Round "8"]
[White "Lugo, Blas"]
[Black "Kaidanov, Gregory S"]
[Result "0-1"]
[WhiteElo "2412"]
[BlackElo "2603"]
[Annotator "Kaidanov,G"]
[PlyCount "94"]
[EventDate "2006.03.02"]
[EventType "swiss"]
[EventRounds "9"]
[EventCountry "USA"]
[SourceTitle "CBM 112"]
[Source "ChessBase"]
[SourceDate "2006.06.07"]
[SourceVersion "1"]
[SourceVersionDate "2006.06.07"]
[SourceQuality "1"]

1. e4 e5 2. Nf3 Nc6 3. Nc3 Nf6 4. Bb5 Bd6 5. d4 exd4 6. Nxd4 O-O 7. O-O Re8 8.
Nf5 Be5 9. Nd5 {I already played this variation once in a game against Emil
Sutovsky in the last round of Ashdod, Israel invitational tournament in 2004.
I had a bad tournament and wanted to finish it without losing the last round.
During that game I didn't see anything wrong with 9...Nxe4, but since I was
not in the mood to play a complex game, I just went for 9...Nxd5. Emil kept
creating problems for me and after my mistake he had chances for a win.
Luckily, it ended as a draw anyway.} Nxe4 10. Bd3 Nc5 11. f4 Bf6 12. Re1 {
Apparently this was the line, which Emil Sutovsky had in Informant 92,
annotating our game. I was oblivious to that and had to find best move over
the board.} Rf8 $1 {Emil looked only at 12...Rxe1. The text is better, because
apparently the weakness of the back rank is an important factor. More
important than a loss of a tempo. Blas went into a long think here.} 13. Re3 d6
14. Nxg7 $6 {Unfortunately for White the sacrifices don't work. However, White
is down a pawn anyway without a clear plan.} Bxg7 15. Bxh7+ Kxh7 16. Qh5+ Kg8
17. f5 Bxf5 18. Qxf5 Qh4 $1 {That's what Blas missed. White is lost.} 19. Rg3 (
19. Rh3 Qe1+ $19) 19... f6 20. Bf4 (20. Nxc7 Qe4 $19) 20... Rae8 21. Qg6 Rf7
22. Rf1 Nd4 23. Rg4 Ne2+ (23... Qh7 24. Nxf6+ Rxf6 25. Qxe8+ Rf8 26. Qe1 Nxc2
27. Qd2 Ne6 {would be simpler.}) 24. Kh1 Nxf4 25. Rgxf4 Re1 $8 26. Nxf6+ Qxf6
27. Qxf7+ $1 Kxf7 28. Rxf6+ Bxf6 29. Rxe1 Bxb2 30. g4 Bf6 31. Kg2 Ne6 32. Kg3
Nd4 33. Rf1 Kg7 34. h4 c5 35. c4 Be5+ 36. Kh3 b5 37. cxb5 c4 38. g5 c3 39. Kg4
Nxb5 40. h5 c2 41. g6 Kh6 42. a4 Nc3 43. Rc1 Nd5 44. Kf5 Bb2 45. Rg1 c1=Q 46.
Rxc1 Bxc1 47. Ke6 Nf4+ 0-1

[Event "London Classic 3rd"]
[Site "London"]
[Date "2011.12.04"]
[Round "2"]
[White "Short, Nigel D"]
[Black "Kramnik, Vladimir"]
[Result "0-1"]
[WhiteElo "2698"]
[BlackElo "2800"]
[Annotator "Kramnik,V"]
[PlyCount "86"]
[EventDate "2011.12.03"]
[EventType "tourn"]
[EventRounds "9"]
[EventCountry "ENG"]
[EventCategory "20"]
[SourceTitle "CBM 146"]
[Source "ChessBase"]
[SourceDate "2012.01.18"]
[SourceVersion "1"]
[SourceVersionDate "2012.01.18"]
[SourceQuality "1"]

1. e4 e5 2. Nf3 Nc6 3. Nc3 Nf6 4. Bb5 Nd4 5. Nxd4 {In his first game of the
tournament Nigel decides to play safe, 5.Ba4 or 5.Bc4 are more principled
moves.} exd4 6. e5 dxc3 7. exf6 Qxf6 (7... cxd2+ {is not recomended by theory}
8. Bxd2 Qxf6 9. O-O Be7 10. Bc3 Qg5 11. Re1 $36) 8. dxc3 Bc5 9. Qe2+ (9. O-O
O-O 10. Bxd7 {otherwise Black will just be all right} (10. Qh5 d6 11. Bd3 h6
12. Bd2 Bd7) 10... Bxd7 11. Qxd7 Rad8 (11... Rae8) 12. Qb5 (12. Qxc7 {is not a
good idea} Qxf2+ $1 13. Rxf2 Rd1#) 12... b6 13. Qc4 Qf5 {and White started to
fight for equality in Morozevich-Kramnik, Monaco blindfold, 2002}) 9... Qe6 10.
O-O (10. Bc4 Qxe2+ 11. Kxe2 c6 {just equal.}) 10... O-O (10... Qxe2 {is enough
to equalise as well} 11. Bxe2 d5 12. Bf4 c6) 11. Qf3 d6 12. Bg5 (12. Bf4 $11
Qg4) 12... Qf5 13. Be7 {White is trying to force a draw, but missing a hidden
resource.} (13. Qxf5 $142 {after this move the draw is unavoidable} Bxf5 14.
Bd3 Bg6 15. Rfe1 Rfe8 {and there is little to play for in this position.})
13... Qxf3 14. gxf3 a6 {This is a very unpleasant surprise for White. Suddenly
he has to start calculating variations and most of them favour the opponent!
Nigel was obviously not ready for such a turn of events and started to make
mistakes.} (14... Bh3 {is just a draw here} 15. Bxf8 Bxf1 16. Bxd6 Bxb5 (16...
Bxd6 17. Rxf1 Rd8) 17. Bxc5 Bc6 $11) 15. Ba4 (15. Bxf8 {is risky} axb5 16. Be7
f6 $1 {the point} 17. Rfe1 (17. Bd8 Bb6 18. Rfe1 Bd7 19. Be7 Kf7) 17... Bd7 {
the bishop on e7 doesn't have a bright future.}) (15. b4 $15 {doesn't equalise
fully} axb5 16. bxc5 Re8 (16... Bh3 17. Bxf8 Bxf1) 17. cxd6 cxd6 18. Bxd6 Bd7 {
and Black is still pressing.}) (15. Bd3 $15 {would have been the best choice
probably, although after} Re8 16. Rfe1 Be6 17. Bg5 g6 18. Be3 Kg7 {Black will
suck the life out of his opponent for a long time.}) 15... b5 16. b4 {
Strangely enough this seems to be the decisive mistake already.} (16. Bxf8 {
is similar to 15.Bxf8} bxa4 17. Be7 f6 $1 18. b4 axb3 19. axb3 Bb7) (16. Bb3 {
was obligatory already, and White is still in the game, although his position
is very unpleasant} Re8 17. Rfe1 Bd7) 16... Re8 17. Rfe1 ({After} 17. bxc5 Rxe7
18. cxd6 Re6 $1 {wins} 19. Bb3 Rg6+ 20. Kh1 Bb7) 17... Bb6 18. Bb3 Bb7 19. Kg2
d5 {Now the bishop on b3 is out of play for the rest of this game, and Black
simply starts exchanging pieces, since all endings are won for him now.} (19...
a5 {is strong according to the engines, but the text move is the one any human
would play without thinking.}) 20. Re5 (20. a4 c6 21. axb5 axb5 22. Rxa8 Bxa8
23. Ra1 Bb7 {does not change matters.}) 20... c6 21. Rae1 Bc7 22. R5e2 Bc8 {
There is no reason to be worried about possible tricks by White.} 23. a4 (23.
Bd8 {amusing, but it does not help much} Bh3+ 24. Kxh3 Rxe2 (24... Rexd8 {
winning as well but I wanted to play the main line}) 25. Rxe2 Rxd8 {winning,
for instance} 26. Re7 Rc8 27. Kg2 (27. Rd7 Kf8 {followed by ...Ke8}) 27... Kf8
28. Re1 Re8 29. Rxe8+ Kxe8 {and despite material equilibrium (temporarily) and
opposite coloured bishops White can resign already.}) 23... Bd7 {/\f6} 24. Bh4
Rxe2 25. Rxe2 Re8 26. Rxe8+ Bxe8 {In practical terms Black is playing a two
bishops versus one ending. I am particulary strong in such endgames :)} 27. Bg3
Bd8 {Thank you, not now, maybe later :)} 28. Be5 f6 29. Bb8 Bg6 30. axb5 axb5
31. Kf1 Kf7 32. Ke2 Ke6 {Black just has to open up the position on the
kingside and penetrate with his king. Not a difficult task since all White can
do is just wait.} 33. Ke3 Bb6+ 34. Ke2 Bh5 35. Ba2 g5 36. Bb3 f5 37. Ba2 f4 38.
Bb3 Kf5 39. Bd6 (39. h3 {stops g4 but weakens the h-pawn, which I am going to
take slowly but surely} Bf7 40. Kf1 Kg6 41. Kg2 Kh5 42. Be5 Bd8 43. Kh2 Be6 44.
Bd6 Kh4) 39... g4 {Time to act.} 40. Kf1 (40. fxg4+ Kxg4 {was my plan} 41. f3+
Kh3 $1 42. Bxf4 Kg2 {winning.}) 40... g3 {The simplest.} (40... gxf3 41. Bf8
Kg4 42. Bg7 Kh3 43. Kg1) 41. fxg3 fxg3 42. Bxg3 Bxf3 43. Ba2 Be3 {Short could
not bear looking at his position anymore and resigned here. The game would
probably end like this otherwise:} (43... Be3 44. Bf2 Bxf2 45. Kxf2 Kf4 46. Bb3
Be4 47. Ke2 Kg4 48. Kf2 Kh3 49. Kg1 h6 50. Ba2 Bxc2 51. Kh1 h5 52. Kg1 h4 53.
Kh1 Kg4 54. Kg2 Kf4 55. Kf2 Ke4 56. Ke2 h3 57. Kd2 Kf3 58. Kxc2 Kg2 59. Kd3
Kxh2 60. Kd4 Kg1 61. Kc5 h2 62. Kxc6 h1=Q) 0-1

[Event "Grenke Chess Classic 6th"]
[Site "Karlsruhe/Baden Baden"]
[Date "2019.04.26"]
[Round "6"]
[White "Naiditsch, Arkadij"]
[Black "Anand, Viswanathan"]
[Result "1-0"]
[WhiteElo "2695"]
[BlackElo "2774"]
[Annotator "Krasenkow,M"]
[PlyCount "59"]
[EventDate "2019.04.20"]
[EventType "tourn"]
[EventRounds "9"]
[EventCountry "GER"]
[EventCategory "19"]
[SourceTitle "CBM 190"]
[Source "ChessBase"]
[SourceDate "2019.06.30"]
[SourceVersion "1"]
[SourceVersionDate "2019.06.30"]
[SourceQuality "1"]

{[%evp 0,59,28,39,24,9,9,21,13,7,19,8,10,21,37,56,54,37,37,48,48,-6,41,48,53,
36,50,54,77,60,39,29,43,37,36,36,41,46,62,48,72,64,70,73,64,60,68,84,75,91,93,
79,96,87,120,142,156,165,177,225,273,250]} 1. e4 e5 2. Nf3 Nc6 3. Nc3 Nf6 4.
Bb5 Nd4 5. Ba4 c6 6. Nxe5 d6 7. Nf3 Bg4 8. d3 d5 9. exd5 Nxd5 {Black has
sacrificed a pawn but his minor pieces are very active.} 10. O-O (10. Ne4 f5
11. c3 Bxf3 12. gxf3 {1-0 (34) Lueers,H (2477)-Bulgarini Torres,M ICCF Email
1999} Ne6 $44) 10... Be7 (10... Bb4 $6 11. Qe1+ Ne6 12. Ne5 Bh5 13. Qe4 O-O 14.
Nxc6 bxc6 15. Nxd5 cxd5 16. Qxb4 $18 {1-0 (37) Duda,J (2678)-Naiditsch,A (2684)
Barcelona 2016}) (10... Nxc3 $5 11. bxc3 Nxf3+ 12. gxf3 Be6 13. Bb3 Bd6 14. f4
(14. Bxe6 fxe6 15. Qe2 Qf6 16. Re1 Kd7 $44 {L.Kritz}) 14... Qf6 15. Bd2 O-O 16.
Qf3 Bf5 17. a4 Rae8 $44 {0-1 (56) Reshef,O (2435)-Boruchovsky,A (2530)
Tiberias 2016}) 11. Re1 Nc7 $6 {Vishy Anand was probably unfamiliar with the
line.} (11... O-O $142 12. Nxd5 cxd5 (12... Qxd5 $6 13. Rxe7 Nxf3+ 14. gxf3
Bxf3 15. Qd2 Rae8 16. Qg5 Qd4 17. Bb3 h6 18. Bxf7+ Kh8 19. Qe3 Qg4+ 20. Kf1
Bg2+ 21. Ke1 Qb4+ 22. Bd2 Qxe7 23. Bxe8 Rxe8 24. Qxe7 Rxe7+ 25. Be3 g5 $16 {
1/2 (25) Sorcinelli,A (2060)-Bulgarini Torres,M (1925) Lechenicher
SchachServer 2011}) 13. c3 Nxf3+ (13... Bxf3 14. gxf3 Ne6 15. f4 d4 16. f5 Nc5
17. Bc2 Re8 18. Qf3 Bf6 19. Rxe8+ Qxe8 20. Bd2 $14 {1/2 (34) Rublevsky,S (2652)
-Bacrot,E (2725) Khanty-Mansiysk 2005 CBM 111 [Kritz,L]}) 14. gxf3 Bf5 $1 (
14... Bh5 15. Re5 Qd6 16. d4 Qf6 17. Qd3 $1 Qh4 18. Qf5 g6 19. Qf4 Rfd8 20. Re1
Qf6 21. Kg2 g5 22. Qg3 $16 {1/2 (86) Acs,P (2600)-Gelfand,B (2700) Warsaw 2003}
) 15. Bf4 d4 16. Qd2 Bh4 17. c4 Qb6 18. Kh1 Bg6 19. Bg3 Bf6 20. Re2 Qc5 21. Bd7
a5 22. Rae1 Rad8 23. Bh3 Qc6 24. Bg2 Bh5 25. Re4 a4 $44 {1/2 (41) Gesicki,
J-Markus,R LSS 2006}) 12. Bg5 (12. Ne4 $142 {[%cal Yc2c3]}) 12... Nxf3+ (12...
Nce6 $5 13. Nxd4 $5 (13. Bxe7 Qxe7 $36) 13... Bxd1 14. Nxe6 fxe6 15. Rxe6 Bg4
16. Rxe7+ Qxe7 17. Bxe7 Kxe7 $11) 13. gxf3 Be6 14. Bxe7 Qxe7 15. Bb3 O-O-O $6 (
15... O-O $44 16. Qd2 $140 Qf6 17. Qe3 Bxb3 18. axb3 Rfe8) 16. Qd2 Qf6 17. Qe3
{[%cal Re3a7] This move gains a crucial tempo.} Kb8 18. f4 $1 Bf5 19. Qg3 {
White has consolidated his position and should convert his advantage.} Ne6 $6 {
This is completely hopeless.} (19... g6 {is not much better, though.}) 20. Bxe6
fxe6 21. Re5 {[%csl Ge5]} h5 22. Kh1 h4 23. Qe3 Rhf8 24. Rg1 Rf7 25. a3 h3 26.
Rg5 Rdf8 27. Ne2 c5 28. Ng3 Bh7 29. Nh5 Qd8 30. Nxg7 1-0